000 00789nam a2200265Ia 4500
003 OSt
005 20220928110502.0
006 a|||||r|||| 00| 0
007 ta
008 220927b |||||||| |||| 00| 0 eng d
020 _c1450
024 _a124526
037 _b112, 23/09/2014, Classic Book Service
_cTextual
040 _aSDCL
_cSDCL
_beng
041 _2eng
_aeng
082 _aT4.2'P, Q4
100 _aP.T Dinesha Ed.
_9419709
245 0 _aHigher education
_b Between quality and reservation
260 _aDelhi
_bKalpaz
_c2014
300 _a488p.
_ccm.
650 _aPolitical Science
700 _a Ramesh Ed.
_9419710
942 _hT4.2'P, Q4
_cTEXL
_2CC
999 _c735851
_d735851